Normal view
MARC view
Entry Topical Term
001 - CONTROL NUMBER
- control field: 776214
003 - CONTROL NUMBER IDENTIFIER
- control field: OSt
005 - DATE AND TIME OF LATEST TRANSACTION
- control field: 20250508163743.0
008 - FIXED-LENGTH DATA ELEMENTS
- fixed length control field: 250508|| aca||aabn | a|a d
040 ## - CATALOGING SOURCE
- Original cataloging agency: OSt
- Transcribing agency: OSt
150 ## - HEADING--TOPICAL TERM
- Topical term or geographic name entry element: Higher education; Educational innovation
670 ## - SOURCE DATA FOUND
- Source citation: Work cat.: (OSt)1385080: Cowan John 315065, On becoming an innovative university teacher : reflection in action, 1998
